| 000 | 00418nam a2200157Ia 4500 | ||
|---|---|---|---|
| 008 | 210716s2017 xx 000 0 und d | ||
| 020 | _a9789332581258 | ||
| 041 | _aeng | ||
| 082 | _a004.65 BRUA | ||
| 100 | _aBruno, Anthony; Jordan, Steve. | ||
| 245 | _aCCDA 200-310 official cert guide. | ||
| 250 | _a1 | ||
| 260 |
_aNew Delhi _bPearson Education _c2017 |
||
| 300 | _axxxii,771 | ||
| 650 | _aComputer Fundamentals | ||
| 999 |
_c196337 _d196337 |
||